Normal view
MARC view
- Zoya Wakeel
Entry Personal Name
001 - CONTROL NUMBER
- control field: 98832
003 - CONTROL NUMBER IDENTIFIER
- control field: NUST
005 - DATE AND TIME OF LATEST TRANSACTION
- control field: 20220908093420.0
008 - FIXED-LENGTH DATA ELEMENTS
- fixed length control field: 220908|| aca||aabn | a|a d
040 ## - CATALOGING SOURCE
- Original cataloging agency: NUST
- Transcribing agency: NUST
100 ## - HEADING--PERSONAL NAME
- Personal name: Zoya Wakeel
670 ## - SOURCE DATA FOUND
- Source citation: Work cat.: (NUST)13708: Zoya Wakeel, Enhancing the immersive viewing experience -rendering and transmitting free viewpoint video stream, 2016
